LEADER 01035nam--2200373---450- 001 990002794020203316 005 20060728103933.0 010 $a0-88410-025-1 035 $a000279402 035 $aUSA01000279402 035 $a(ALEPH)000279402USA01 035 $a000279402 100 $a20060728d1974----km-y0itay50------ba 101 $aeng 102 $aUS 105 $a||||||||001yy 200 1 $aEnergy$efuture alternatives and risks$eacademy forum 210 $aCambridge, Mass.$cBallinger$dc1974 215 $aIX, 227 p.$d24 cm. 300 $aSul front.: National academy of sciences 300 $aAtti del 2. Academy Forum : Washington, 29-30 gennaio 1974 410 0$12001 454 1$12001 461 1$1001-------$12001 606 0 $aEnergia$yStati Uniti d'America 676 $a333.70973 801 0$aIT$bsalbc$gISBD 912 $a990002794020203316 951 $aMF/28$b339$cMF 959 $aBK 969 $aDIMEC 979 $aDIMEC$b90$c20060728$lUSA01$h1039 996 $aEnergy$9277129 997 $aUNISA LEADER 02252nam 2200553Ia 450 001 9910696934903321 005 20230902161809.0 035 $a(CKB)5470000002383545 035 $a(OCoLC)688501792 035 $a(EXLCZ)995470000002383545 100 $a20101201d2009 ua 0 101 0 $aeng 135 $aurmn||||||||| 181 $ctxt$2rdacontent 182 $cc$2rdamedia 183 $acr$2rdacarrier 200 10$aMeteoroid and orbital debris threats to NASA's docking seals$b[electronic resource] $einitial assessment and methodology /$fHenry C. de Groh III, Christopher A. Gallo, and Henry K. Nahra ; prepared for the 1st Atmospheric and Space Environments Conference sponsored by the American Institute of Aeronautics and Astronautics, San Antonio, Texas, June 22-25, 2009 210 1$aCleveland, Ohio :$cNational Aeronautics and Space Administration, Glenn Research Center,$d[2009] 215 $a1 online resource (21 pages) $cillustrations 225 1 $aNASA TM- ;$v2009-215835 300 $aTitle from title screen (viewed on Dec. 1, 2010). 300 $a"December 2009." 300 $a"AIAA-2009-3524." 320 $aIncludes bibliographical references (pages 20-21) 410 0$aNASA technical memorandum ;$v215835. 517 $aMeteoroid and orbital debris threats to NASA's docking seals 606 $aInternational Space Station$2nasat 606 $aMeteoroid hazards$2nasat 606 $aMicrometeoroids$2nasat 606 $aSpacecraft docking$2nasat 606 $aO ring seals$2nasat 606 $aSpace debris$2nasat 615 7$aInternational Space Station. 615 7$aMeteoroid hazards. 615 7$aMicrometeoroids. 615 7$aSpacecraft docking. 615 7$aO ring seals. 615 7$aSpace debris. 700 $aDe Groh$b Henry Charles$01388309 701 $aGallo$b Christopher A$01397969 701 $aNahra$b Henry K$01400461 712 02$aNASA Glenn Research Center. 712 12$aAIAA Atmospheric and Space Environments Conference$d(1st :$f2009 :$eSan Antonio, Tex.) 801 0$bGPO 801 1$bGPO 906 $aBOOK 912 $a9910696934903321 996 $aMeteoroid and orbital debris threats to NASA's docking seals$93531251 997 $aUNINA